000 00848cam a2200205 4500
001 ABS67178
008 031022n2003 000 0 eng u
035 _a(Sirsi) u123974
100 _aReichenbacher, T.
245 _aMobile cartography: the world in your pocket
260 _c2003
490 _aGeo Informatics
_v6(6) September 2003, 14-17(3)
520 _aThis article examines the developments in mobile mapping referred to in this article as mobile geovisualisation. Discusses the background and developments of the technology including Location Based Services (LBS) which are run mainly by telecommunications companies. Problems with the services and technology are examined.
590 _aABS
650 _aTELECOMMUNICATIONS
650 _aMAPPING
650 _aGeomatics
_96242
690 _aMAPPING AND MEASUREMENT
942 _n0
999 _c73627
_d73627